[Event "aut_ychg14_2008"]
[Site "Wien - JGH Brigittenau"]
[Date "2008.05.12"]
[Round "5.1"]
[White "Wilfling, Sandra"]
[Black "Huber, Elke Carola"]
[Result "1-0"]
[WhiteElo "1580"]
[BlackElo "1412"]
[PlyCount "99"]
[EventDate "2008.05.10"]

1. d4 d5 2. c4 e6 3. Nc3 Nf6 4. Bg5 Be7 5. e3 O-O 6. Nf3 Nbd7 7. Bd3 dxc4 8.
Bxc4 c6 9. O-O Nd5 10. Bxe7 Qxe7 11. Rc1 Nxc3 12. Rxc3 e5 13. dxe5 Nxe5 14. Be2
Nxf3+ 15. Bxf3 Be6 16. a3 Rfd8 17. Qc2 Rd6 18. Be4 h6 19. Rd3 Rxd3 20. Bxd3 Rd8
21. Rd1 Bd5 22. h3 Qe6 23. Bc4 Qf6 24. Bxd5 Rxd5 25. Rxd5 cxd5 26. Qc8+ Kh7 27.
Qxb7 Kg6 28. Qb3 d4 29. exd4 Qxd4 30. Qc2+ Kf6 31. Kf1 Qd5 32. f3 Qb5+ 33. Qe2
Qxe2+ 34. Kxe2 Ke5 35. Ke3 g5 36. g3 f5 37. Kd3 Kd5 38. b4 a6 39. f4 gxf4 40.
gxf4 h5 41. h4 Kd6 42. Kd4 Kc6 43. Ke5 Kd7 44. Kxf5 Ke7 45. Kg6 Ke6 46. f5+ Ke5
47. f6 Ke6 48. f7 Ke7 49. Kg7 a5 50. f8=Q+ 1-0

[Event "aut_ychg14_2008"]
[Site "Wien - JGH Brigittenau"]
[Date "2008.05.12"]
[Round "5.2"]
[White "Bauer, Valentina"]
[Black "Nagy, Andrea"]
[Result "1-0"]
[WhiteElo "1563"]
[BlackElo "1377"]
[PlyCount "81"]
[EventDate "2008.05.10"]

1. e4 e5 2. Nf3 Nc6 3. Bc4 Nf6 4. Ng5 d5 5. exd5 Nxd5 6. d4 Nb6 7. Nxf7 Qd7 8.
Nxh8 Nxc4 9. Qh5+ g6 10. Nxg6 hxg6 11. Qxg6+ Kd8 12. Qf6+ Be7 13. Qh8+ Qe8 14.
Qxe8+ Kxe8 15. b3 Nd6 16. dxe5 Nxe5 17. Nc3 Bd7 18. Nd5 Kd8 19. Bb2 Nc6 20.
O-O-O Be6 21. h4 Kd7 22. h5 Bxd5 23. Rxd5 Nb4 24. Ra5 b6 25. Ra4 c5 26. a3 b5
27. Ra5 Nc6 28. Ra6 Nb8 29. Rxd6+ Bxd6 30. h6 Nc6 31. h7 Be5 32. Bxe5 Nxe5 33.
h8=Q Rxh8 34. Rxh8 Kc6 35. Rh6+ Kc7 36. f4 Ng4 37. Rg6 Ne3 38. g4 Nd5 39. f5
Ne7 40. Kd2 Nxg6 41. fxg6 1-0

[Event "aut_ychg14_2008"]
[Site "Wien - JGH Brigittenau"]
[Date "2008.05.12"]
[Round "5.3"]
[White "Tarmastin, Laura"]
[Black "Hapala, Lisa"]
[Result "1/2-1/2"]
[WhiteElo "1487"]
[BlackElo "1476"]
[PlyCount "29"]
[EventDate "2008.05.10"]

1. e4 e5 2. Nf3 Nc6 3. Bc4 Bc5 4. c3 Nf6 5. d4 exd4 6. cxd4 Bb4+ 7. Bd2 Bxd2+
8. Nbxd2 d5 9. exd5 Nxd5 10. O-O O-O 11. Nb3 b6 12. Qd3 a6 13. a4 Ncb4 14. Qd2
Be6 15. Bxd5 1/2-1/2

[Event "aut_ychg14_2008"]
[Site "Wien - JGH Brigittenau"]
[Date "2008.05.12"]
[Round "5.4"]
[White "Monadjem, Mina"]
[Black "Gerhold, Doris"]
[Result "0-1"]
[WhiteElo "1382"]
[BlackElo "1417"]
[PlyCount "58"]
[EventDate "2008.05.10"]

1. e4 c5 2. Nf3 Nc6 3. Nc3 g6 4. d3 Bg7 5. Ne2 Nf6 6. Ng3 O-O 7. Be2 d5 8. exd5
Nxd5 9. Rb1 Qa5+ 10. c3 Qxa2 11. Bd2 Nf6 12. O-O Qd5 13. c4 Qd6 14. h3 b6 15.
Qc2 Bb7 16. Be3 Nb4 17. Qd2 Rad8 18. Bf4 Qd7 19. Ne1 Qc6 20. Bf3 Qd7 21. Bxb7
Qxb7 22. Rd1 Rd7 23. Qe2 Rfd8 24. f3 Rd4 25. Be3 R4d7 26. Rf2 Qc7 27. Ne4 Nh5
28. Qf1 f5 29. Ng5 Ng3 {Ab hier unleserlich!} 0-1

[Event "aut_ychg14_2008"]
[Site "Wien - JGH Brigittenau"]
[Date "2008.05.12"]
[Round "5.5"]
[White "Schamberger, Katja"]
[Black "Willy, Anora"]
[Result "0-1"]
[WhiteElo "1366"]
[BlackElo "1226"]
[PlyCount "74"]
[EventDate "2008.05.10"]

1. e4 c6 2. d4 d5 3. Nc3 dxe4 4. Nxe4 Bf5 5. Ng3 Bg6 6. Nf3 Nf6 7. Bc4 Qc7 8.
Be3 e6 9. Qd2 Bd6 10. Bg5 Nbd7 11. O-O-O Bxg3 12. fxg3 Ne4 13. Qe3 c5 14. dxc5
Qxc5 15. Qd3 O-O 16. Be3 Nf2 17. Bxf2 Qxf2 18. Qc3 Qxg2 19. Rhg1 Qf2 20. Rxd7
Be4 21. Rf1 Qc5 22. h4 Rac8 23. b3 Bd5 24. Nd2 b5 25. Rf4 e5 26. Rg4 Be6 27.
Ne4 Qa3+ 28. Kb1 Bxg4 29. Rb7 bxc4 30. Qxe5 Bf3 31. Qf5 Bxe4 32. Qxe4 Rfe8 33.
Qh1 Re7 34. Rxe7 Qxe7 35. Qh3 Re8 36. Qh1 c3 37. a4 Qa3 0-1

[Event "aut_ychg14_2008"]
[Site "Wien - JGH Brigittenau"]
[Date "2008.05.12"]
[Round "5.6"]
[White "Stoeckel, Sabrina"]
[Black "Steiner, Lucia"]
[Result "0-1"]
[WhiteElo "1285"]
[BlackElo "1225"]
[PlyCount "50"]
[EventDate "2008.05.10"]

1. e4 e5 2. Nf3 Nc6 3. Bb5 d6 4. O-O Nf6 5. Nc3 Bg4 6. h3 Bh5 7. d3 Be7 8. Nd5
h6 9. c4 O-O 10. Be3 Nh7 11. Ba4 Bg5 12. Re1 Bxe3 13. Nxe3 Nd4 14. Kf1 Ng5 15.
b4 Bxf3 16. gxf3 Ngxf3 17. Ng2 Nxe1 18. Nxe1 f5 19. Nf3 fxe4 20. dxe4 Rxf3 21.
Ke1 Qh4 22. Qd2 Raf8 23. Rc1 Rxf2 24. Kd1 Rf1+ 25. Qe1 Qxe1# 0-1

[Event "aut_ychg14_2008"]
[Site "Wien - JGH Brigittenau"]
[Date "2008.05.12"]
[Round "5.7"]
[White "Krivda, Manuela"]
[Black "Tscharnuter, Alexandra"]
[Result "1-0"]
[WhiteElo "1314"]
[BlackElo "1322"]
[PlyCount "67"]
[EventDate "2008.05.10"]

1. e4 e5 2. Nf3 Nc6 3. d4 Nf6 4. d5 Nb4 5. Nc3 d6 6. a3 Na6 7. Bb5+ Bd7 8.
Bxd7+ Qxd7 9. O-O Be7 10. Be3 O-O 11. Nd2 Nc5 12. Qf3 Ng4 13. Bxc5 dxc5 14. h3
Nf6 15. Nc4 Rad8 16. Nxe5 Qe8 17. Rfe1 Bd6 18. Nc4 Be5 19. Nxe5 Qxe5 20. Rad1
h6 21. Qe3 b6 22. f4 Qe7 23. Na4 Rfe8 24. Nc3 Qd7 25. Qf3 c6 26. d6 Qe6 27. e5
Nh7 28. Qxc6 Qc4 29. Qd5 Qxd5 30. Nxd5 Nf8 31. Nc7 Re7 32. dxe7 Rd7 33. e8=Q
Rxc7 34. Rd8 1-0

[Event "aut_ychg14_2008"]
[Site "Wien - JGH Brigittenau"]
[Date "2008.05.12"]
[Round "6.1"]
[White "Willy, Anora"]
[Black "Wilfling, Sandra"]
[Result "0-1"]
[WhiteElo "1226"]
[BlackElo "1580"]
[PlyCount "66"]
[EventDate "2008.05.10"]

1. d4 Nf6 2. Nf3 g6 3. Bg5 Bg7 4. Nbd2 O-O 5. e3 d6 6. Bd3 Nbd7 7. O-O c5 8. c3
a6 9. Qe2 b5 10. a4 c4 11. Bc2 Bb7 12. axb5 axb5 13. b3 d5 14. Rab1 Bc6 15. e4
dxe4 16. Nxe4 Bd5 17. Rfd1 Ra2 18. Rd2 h6 19. Nxf6+ exf6 20. Bf4 g5 21. Be4
Rxd2 22. Bxd2 Re8 23. Ne5 Bxe4 24. Qxe4 fxe5 25. Qd5 exd4 26. cxd4 Nb6 27. Qxb5
Bxd4 28. Ba5 c3 29. Rc1 Bxf2+ 30. Kxf2 Qd2+ 31. Kf3 Re3+ 32. Kg4 Qd4+ 33. Kf5
Qf4# 0-1

[Event "aut_ychg14_2008"]
[Site "Wien - JGH Brigittenau"]
[Date "2008.05.12"]
[Round "6.2"]
[White "Hapala, Lisa"]
[Black "Bauer, Valentina"]
[Result "1-0"]
[WhiteElo "1476"]
[BlackElo "1563"]
[PlyCount "101"]
[EventDate "2008.05.10"]

1. e4 e6 2. d4 d5 3. Nc3 dxe4 4. Nxe4 Nd7 5. Nf3 Ngf6 6. Ng3 Be7 7. Bd3 O-O 8.
O-O b6 9. c4 c5 10. Be3 Bb7 11. Bc2 cxd4 12. Nxd4 Nc5 13. Qe2 Bd6 14. Rad1 Qe7
15. Rfe1 Be5 16. b3 Bxd4 17. Bxd4 Nfd7 18. Qh5 h6 19. Qg4 Qg5 20. Qxg5 hxg5 21.
Nh5 g6 22. Nf6+ Nxf6 23. Bxf6 g4 24. Re3 Bc6 25. h3 Nd7 26. Bb2 gxh3 27. Rxh3
f5 28. Rh8+ Kf7 29. Rxf8+ Rxf8 30. b4 a6 31. a4 Nb8 32. b5 axb5 33. axb5 Bb7
34. Bd4 Nd7 35. Bb3 Ke7 36. Bb2 e5 37. Rc1 Rc8 38. Ba3+ Kf6 39. Rd1 Rc7 40. Bd6
Rc8 41. Ba3 Rc7 42. Rd6+ Kg7 43. Bb2 Ba8 44. f4 Kh7 45. fxe5 Nc5 46. e6 Nxb3
47. Rd7+ Rxd7 48. exd7 Nc5 49. d8=Q Bxg2 50. Kxg2 Kh6 51. Qh4# 1-0

[Event "aut_ychg14_2008"]
[Site "Wien - JGH Brigittenau"]
[Date "2008.05.12"]
[Round "6.3"]
[White "Gerhold, Doris"]
[Black "Huber, Elke Carola"]
[Result "1/2-1/2"]
[WhiteElo "1417"]
[BlackElo "1412"]
[PlyCount "44"]
[EventDate "2008.05.10"]

1. e4 c6 2. Nf3 d5 3. Nc3 dxe4 4. Nxe4 e6 5. d3 Nd7 6. Bf4 Nb6 7. Be2 Nf6 8.
O-O Be7 9. Re1 O-O 10. Qd2 Nbd5 11. Bg3 b6 12. Rad1 c5 13. c3 Bb7 14. Nxf6+
Bxf6 15. Ne5 Be7 16. Bf3 Qc8 17. d4 Nf6 18. Bxb7 Qxb7 19. Qe3 cxd4 20. Qxd4
Rfd8 21. Qe3 Rac8 22. h3 Bc5 1/2-1/2

[Event "aut_ychg14_2008"]
[Site "Wien - JGH Brigittenau"]
[Date "2008.05.12"]
[Round "6.4"]
[White "Nagy, Andrea"]
[Black "Tarmastin, Laura"]
[Result "0-1"]
[WhiteElo "1377"]
[BlackElo "1487"]
[PlyCount "90"]
[EventDate "2008.05.10"]

1. e4 e5 2. Nf3 Nc6 3. Bc4 Bc5 4. Nc3 Nf6 5. d3 d6 6. h3 Be6 7. Bb3 O-O 8. Bg5
Nd4 9. Nxd4 Bxd4 10. Qd2 c6 11. O-O Re8 12. Rab1 Bxc3 13. Qxc3 Nxe4 14. Bxd8
Nxc3 15. bxc3 Raxd8 16. f4 b5 17. f5 Bc8 18. f6 g6 19. c4 a6 20. cxb5 axb5 21.
a4 bxa4 22. Bxa4 Bd7 23. Rb7 Re6 24. g4 Be8 25. g5 d5 26. Rfb1 e4 27. Rb8 Rxb8
28. Rxb8 Kf8 29. Rc8 exd3 30. cxd3 d4 31. h4 Re1+ 32. Kf2 Re6 33. Rd8 c5 34.
Bxe8 Rxe8 35. Rxe8+ Kxe8 36. Kf3 Kd7 37. Ke4 Ke6 38. Kf4 Kd5 39. Kf3 c4 40. Ke2
cxd3+ 41. Kxd3 Ke5 42. Ke2 Ke4 43. Kf2 d3 44. Ke1 Ke3 45. Kd1 d2 0-1

[Event "aut_ychg14_2008"]
[Site "Wien - JGH Brigittenau"]
[Date "2008.05.12"]
[Round "6.5"]
[White "Steiner, Lucia"]
[Black "Krivda, Manuela"]
[Result "1/2-1/2"]
[WhiteElo "1225"]
[BlackElo "1314"]
[PlyCount "48"]
[EventDate "2008.05.10"]

1. e4 c5 2. Nf3 d6 3. c3 Nf6 4. Be2 g6 5. O-O Bg7 6. d3 O-O 7. Bg5 Nc6 8. Nbd2
Be6 9. d4 cxd4 10. cxd4 d5 11. e5 Nd7 12. Nb3 Bf5 13. Qd2 Qb6 14. Bh6 f6 15.
exf6 exf6 16. Bxg7 Kxg7 17. Rac1 Rfd8 18. Bd3 Bxd3 19. Qxd3 Qc7 20. Rfe1 Re8
21. Nh4 Nb6 22. Nc5 Kf7 23. b3 Nd7 24. Nxd7 Qxd7 1/2-1/2

[Event "aut_ychg14_2008"]
[Site "Wien - JGH Brigittenau"]
[Date "2008.05.12"]
[Round "6.6"]
[White "Monadjem, Mina"]
[Black "Stoeckel, Sabrina"]
[Result "1-0"]
[WhiteElo "1382"]
[BlackElo "1285"]
[PlyCount "91"]
[EventDate "2008.05.10"]

1. e4 e5 2. Nf3 Nc6 3. Bc4 Bb4 4. c3 Bc5 5. d4 Bb6 6. dxe5 d6 7. exd6 cxd6 8.
Ng5 Ne5 9. Be2 Nh6 10. h3 O-O 11. O-O Qf6 12. Nf3 Rd8 13. Bxh6 Qxh6 14. Nxe5
dxe5 15. Qb3 Qg6 16. Bc4 Be6 17. Bxe6 fxe6 18. Re1 Qf6 19. Rf1 Rd6 20. Qc2 Rf8
21. Na3 Bc5 22. b4 b6 23. bxc5 bxc5 24. Nb5 Rd7 25. Rad1 Rdf7 26. Nd6 Re7 27.
Nc4 Qg5 28. Qd2 Qg6 29. Qe3 Rf4 30. Nxe5 Qg5 31. Rd8+ Rf8 32. Qxg5 Ree8 33.
Rxe8 Rxe8 34. Qf4 Rf8 35. Qe3 h6 36. Qxc5 a6 37. Qd6 Re8 38. Qd7 Rf8 39. Qxe6+
Kh7 40. Rb1 Rf6 41. Qe7 Rg6 42. Nxg6 Kxg6 43. Rb6+ Kh7 44. Qf7 Kh8 45. Rg6 h5
46. Qxg7# 1-0

[Event "aut_ychg14_2008"]
[Site "Wien - JGH Brigittenau"]
[Date "2008.05.12"]
[Round "6.7"]
[White "Tscharnuter, Alexandra"]
[Black "Schamberger, Katja"]
[Result "0-1"]
[WhiteElo "1322"]
[BlackElo "1366"]
[PlyCount "54"]
[EventDate "2008.05.10"]

1. e4 e5 2. Nf3 Nc6 3. Bb5 a6 4. Bxc6 dxc6 5. O-O Bd6 6. d3 Nf6 7. Be3 Bg4 8.
Nbd2 O-O 9. Qe1 h6 10. d4 Qe7 11. dxe5 Bxe5 12. Nxe5 Qxe5 13. Nc4 Qxe4 14. Qc3
Rad8 15. f3 Qg6 16. fxg4 Nxg4 17. Ne5 Nxe5 18. Qxe5 Rfe8 19. Qf4 Rf8 20. Rf3
Qxc2 21. b3 Rd7 22. Qg4 Rfd8 23. Bxh6 g6 24. Rc1 Rd1+ 25. Rxd1 Rxd1+ 26. Rf1
Qc5+ 27. Kh1 Rxf1# 0-1

[Event "aut_ychg14_2008"]
[Site "Wien - JGH Brigittenau"]
[Date "2008.05.13"]
[Round "7.2"]
[White "Gerhold, Doris"]
[Black "Hapala, Lisa"]
[Result "1/2-1/2"]
[WhiteElo "1417"]
[BlackElo "1476"]
[PlyCount "122"]
[EventDate "2008.05.10"]

1. e4 e5 2. Nf3 Nc6 3. Bc4 Bc5 4. d3 Nf6 5. Nc3 d6 6. Bg5 h6 7. Bxf6 Qxf6 8.
Nd5 Qd8 9. c3 a6 10. d4 Ba7 11. h3 b5 12. Bb3 exd4 13. cxd4 Na5 14. Bc2 c6 15.
Nc3 Bb7 16. O-O O-O 17. Ne2 Rc8 18. Qd3 g6 19. Qd2 Kg7 20. Kh1 c5 21. d5 Nc4
22. Qc3+ Qf6 23. Qxf6+ Kxf6 24. b3 Na3 25. Bd1 c4 26. Ned4 c3 27. Rc1 b4 28.
Bc2 Nxc2 29. Nxc2 a5 30. Kg1 Rfe8 31. Rfe1 Re7 32. Nfd4 Kg7 33. Kf1 Bc5 34. f3
Ree8 35. g4 Ra8 36. Kg2 a4 37. bxa4 Rxa4 38. Ra1 Rc8 39. Nb3 Rca8 40. Nxc5 dxc5
41. a3 b3 42. Re3 bxc2 43. Rxc3 c1=Q 44. Raxc1 Rxa3 45. Rxa3 Rxa3 46. Rxc5 Ra8
47. Kg3 Rc8 48. Rxc8 Bxc8 49. Kf4 Kf6 50. e5+ Ke7 51. h4 f6 52. g5 hxg5+ 53.
hxg5 f5 54. Ke3 Bb7 55. Kd4 Kd7 56. Kc5 Ke7 57. f4 Kd7 58. d6 Ke6 59. Kb6 Bc8
60. Kc7 Bd7 61. Kd8 Bb5 1/2-1/2

[Event "aut_ychg14_2008"]
[Site "Wien - JGH Brigittenau"]
[Date "2008.05.13"]
[Round "7.3"]
[White "Huber, Elke Carola"]
[Black "Bauer, Valentina"]
[Result "0-1"]
[WhiteElo "1412"]
[BlackElo "1563"]
[PlyCount "136"]
[EventDate "2008.05.10"]

1. d4 Nf6 2. c4 g6 3. Nc3 Bg7 4. e4 d6 5. Nf3 O-O 6. Be2 e5 7. O-O Nc6 8. d5
Ne7 9. Ne1 Nd7 10. Nd3 f5 11. f3 Nf6 12. c5 f4 13. b3 h5 14. Ba3 g5 15. h3 Ne8
16. Rc1 Rf6 17. Qd2 Rg6 18. Nf2 Kh8 19. Rc2 Ng8 20. Rfc1 Nh6 21. Qd1 Bf8 22.
cxd6 cxd6 23. Nb5 a6 24. Nc7 Nxc7 25. Rxc7 Rg7 26. Rxg7 Bxg7 27. Rc2 Bf8 28.
Qc1 Bd7 29. Rc7 Rc8 30. Rxc8 Qxc8 31. Qxc8 Bxc8 32. Nd3 Kg7 33. Kf2 g4 34. hxg4
hxg4 35. Bb2 Kg6 36. Ba3 Kf7 37. g3 fxg3+ 38. Kxg3 gxf3 39. Bxf3 Be7 40. Bc1
Ng8 41. Bg4 Bxg4 42. Kxg4 Bd8 43. Bg5 Bf6 44. Ne1 Kg6 45. Bh4 Bxh4 46. Kxh4 Nf6
47. Ng2 Nxe4 48. Ne3 Nc3 49. a4 b5 50. axb5 axb5 51. Kg4 Kf6 52. Nf5 Nxd5 53.
Nxd6 b4 54. Kf3 Ke6 55. Ne4 Nf6 56. Nxf6 Kxf6 57. Ke3 Ke6 58. Ke4 Kd6 59. Ke3
Kd5 60. Kd3 e4+ 61. Ke3 Ke5 62. Ke2 Kd4 63. Kd2 e3+ 64. Kc2 Ke4 65. Kd1 Kd3 66.
Ke1 e2 67. Kf2 Kd2 68. Kf3 e1=Q 0-1

[Event "aut_ychg14_2008"]
[Site "Wien - JGH Brigittenau"]
[Date "2008.05.13"]
[Round "7.4"]
[White "Krivda, Manuela"]
[Black "Monadjem, Mina"]
[Result "1-0"]
[WhiteElo "1314"]
[BlackElo "1382"]
[PlyCount "95"]
[EventDate "2008.05.10"]

1. e4 e5 2. Nf3 Nc6 3. d4 exd4 4. Nxd4 Bc5 5. Nxc6 Qf6 6. Qd2 dxc6 7. Bd3 Bd7
8. O-O O-O-O 9. Nc3 Bb4 10. a3 Bxc3 11. Qxc3 Qxc3 12. bxc3 Ne7 13. Be3 b6 14.
Rab1 c5 15. Ba6+ Kb8 16. Ra1 Ba4 17. Bd3 Bd7 18. Rfb1 Ka8 19. a4 Nc6 20. f3
Rhe8 21. Ra3 Ne5 22. Raa1 Nxd3 23. cxd3 a5 24. c4 f5 25. Rd1 fxe4 26. fxe4 Bg4
27. Rd2 Rd7 28. h3 Be6 29. Kf2 Rf7+ 30. Ke2 Rf6 31. Bg5 Rg6 32. h4 h6 33. Bf4
Rxg2+ 34. Ke3 Rxd2 35. Kxd2 Re7 36. Rg1 Rd7 37. Kc3 Bg8 38. Bxh6 gxh6 39. Rxg8+
Kb7 40. Rg6 Rd6 41. h5 Kc8 42. e5 Rd7 43. Rxh6 Re7 44. e6 c6 45. Rf6 Kd8 46.
Rf8+ Re8 47. Rxe8+ Kxe8 48. h6 1-0

[Event "aut_ychg14_2008"]
[Site "Wien - JGH Brigittenau"]
[Date "2008.05.13"]
[Round "7.5"]
[White "Schamberger, Katja"]
[Black "Steiner, Lucia"]
[Result "1-0"]
[WhiteElo "1366"]
[BlackElo "1225"]
[PlyCount "85"]
[EventDate "2008.05.10"]

1. e4 e5 2. Nf3 Nc6 3. Bc4 Bc5 4. O-O Nf6 5. d4 exd4 6. e5 Ng4 7. Bxf7+ Kf8 8.
Re1 Be7 9. Bc4 d5 10. exd6 Qxd6 11. h3 Nf6 12. Bg5 Bf5 13. Nh4 Bd7 14. Qf3 Qb4
15. Na3 Qc5 16. Bxf6 Bxf6 17. b3 Re8 18. Nb5 Qb6 19. Qd5 Rxe1+ 20. Rxe1 Be8 21.
Qe6 Ne7 22. Qe4 a6 23. Na3 Qb4 24. Nb1 Bxh4 25. c3 dxc3 26. Qxh4 Qd6 27. Nxc3
Bf7 28. Rd1 Qc6 29. Rd8+ Be8 30. Qh5 Ng6 31. Qg5 Qf6 32. Qc5+ Qe7 33. Qf5+ Qf6
34. Qd5 Ne5 35. Ne4 Qe7 36. Nc5 Nxc4 37. Qxc4 g6 38. Ne6+ Kg8 39. Nxc7+ Kg7 40.
Qd4+ Qf6 41. Nxe8+ Rxe8 42. Qxf6+ Kxf6 43. Rxe8 1-0

[Event "aut_ychg14_2008"]
[Site "Wien - JGH Brigittenau"]
[Date "2008.05.13"]
[Round "7.6"]
[White "Stoeckel, Sabrina"]
[Black "Nagy, Andrea"]
[Result "0-1"]
[WhiteElo "1285"]
[BlackElo "1377"]
[PlyCount "80"]
[EventDate "2008.05.10"]

1. e4 e5 2. Nf3 Nc6 3. Bb5 a6 4. Ba4 Nf6 5. O-O Be7 6. d3 d6 7. c3 b5 8. Bb3
Be6 9. Nbd2 O-O 10. Bc2 Nd7 11. Re1 f5 12. Nf1 fxe4 13. dxe4 Bg4 14. N1d2 Qe8
15. h3 Bh5 16. Nf1 Bxf3 17. gxf3 Qg6+ 18. Ng3 Bh4 19. Kg2 Rf7 20. Rf1 Raf8 21.
Bb3 Bxg3 22. fxg3 Nf6 23. Qe1 d5 24. exd5 Ne7 25. Qxe5 Nc8 26. Bf4 Re8 27. Qd4
Nh5 28. d6 Nxd6 29. Rae1 Rxe1 30. Rxe1 Nc4 31. Re8+ Rf8 32. Re1 Nxf4+ 33. Kh2
Nh5 34. g4 Nf6 35. Bc2 Qxc2+ 36. Kg3 Qg6 37. b3 Nd6 38. Re6 Nh5+ 39. Kh4 Qxe6
40. Kxh5 Qh6# 0-1

[Event "aut_ychg14_2008"]
[Site "Wien - JGH Brigittenau"]
[Date "2008.05.13"]
[Round "7.7"]
[White "Willy, Anora"]
[Black "Tscharnuter, Alexandra"]
[Result "1-0"]
[WhiteElo "1226"]
[BlackElo "1322"]
[PlyCount "41"]
[EventDate "2008.05.10"]

1. e4 e5 2. Nf3 Nc6 3. Bc4 Nf6 4. Nc3 Bb4 5. O-O O-O 6. d3 Bxc3 7. bxc3 d5 8.
exd5 Nxd5 9. Bg5 f6 10. Bh4 Be6 11. d4 Qd7 12. Re1 Nxc3 13. Qd3 Bxc4 14. Qxc4+
Nd5 15. dxe5 fxe5 16. Nxe5 Qd6 17. Rad1 Nce7 18. Bxe7 Qxe7 19. Qxd5+ Kh8 20.
Nd7 Rfd8 21. Rxe7 1-0